<The> Integration process between eastern and western Europe
Salvato in:
| Autore principale: | |
|---|---|
| Natura: | Libro |
| Lingua: | inglese |
| Pubblicazione: |
Berlin
Springer-Verlag
2001
|
| Serie: | Kieler Studien
310 |
| Soggetti: | |
| Tags: |
Nessun Tag, puoi essere il primo ad aggiungerne!!
|
MARC
| LEADER | 00000nam a2200000 4500 | ||
|---|---|---|---|
| 001 | c143187 | ||
| 005 | 20221124104602.0 | ||
| 020 | |a 3-540-41897-4 | ||
| 022 | |a 0340-6989 | ||
| 041 | 0 | |a eng | |
| 044 | |a DE | ||
| 245 | 1 | 0 | |a <The> Integration process between eastern and western Europe |c Daniel Piazolo |
| 264 | 1 | |a Berlin |b Springer-Verlag |c 2001 | |
| 300 | |a 178 s. | ||
| 490 | 1 | |a Kieler Studien |v 310 | |
| 830 | 0 | |a Kieler Studien |v 310 | |
| 610 | 2 | 0 | |a integrácia ekonomická medzinárodná |
| 610 | 2 | 0 | |a spolupráca hospodárska medzinárodná |
| 610 | 2 | 0 | |a transformácia |
| 610 | 2 | 0 | |a obchod medzinárodný |
| 610 | 2 | 0 | |a modely |
| 610 | 2 | 0 | |a politika hospodárska |
| 610 | 2 | 0 | |a úverovanie |
| 610 | 2 | 0 | |a rast hospodársky |
| 610 | 2 | 0 | |a investície |
| 610 | 2 | 0 | |a modely dynamické |
| 610 | 2 | 0 | |a príjmy |
| 610 | 2 | 0 | |a blahobyt |
| 610 | 2 | 0 | |a modelovanie |
| 610 | 2 | 0 | |a Európska únia |
| 610 | 2 | 0 | |a východná Európa |
| 610 | 2 | 0 | |a západná Európa |
| 100 | 1 | |a Piazolo, Daniel | |